Sherlock: The Quote Quiz Stats

Quiz not verified by Sporcle

Challenge
Share
Tweet
Embed
Score 0/6 Timer 10:00
0 Plays Today
Sherlock's Quote Episode % Correct
Sherlock: Shut up. Lestrade: I didn't say anyth — Sherlock: You were thinking. It's annoying.A Study In Pink
97.4%
John: Are you wearing any pants? Sherlock: ...No. John: Okay.A Scandal In Belgravia
94.8%
Moriarty: But don't be scared. Falling is just like flying, just with a more... permanent destination.The Reichenbach Fall
94.5%
Jim Moriarty: I gave you my number. I thought you might call. Is that a British Army Browning L9A1 in your pocket, or are you just pleased to see me? Sherlock: BothThe Great Game
91.9%
Sherlock: I said 'Can you pass me a pen?'. John: What? When? Sherlock: About an hour ago. John: Didn't notice I'd gone out then?The Blind Banker
88.8%
Sherlock: But you see, body's betraying me. Interesting yes. Emotions. Grit on the lens, the fly in the ointment. John: All right, Spock, just take it easy. The Hounds of Baskerville
84.4%

You're not logged in!

Compare scores with friends on all Sporcle quizzes.
Sign Up with Email
OR
Log In

You Might Also Like...

Show Comments

Extras

Top Quizzes Today


Score Distribution

Your Account Isn't Verified!

In order to create a playlist on Sporcle, you need to verify the email address you used during registration. Go to your Sporcle Settings to finish the process.